Представление документа в формате RUSMARC

ПолеНазваниеЗначение
  Тип записи a
  Библиографический уровень a
001 Контрольный номер RU/CBS_UL/BASE/8a95e38fce7e4b7da21f6aed58a6ca37
005 Дата корректировки 20230823154701.7
100 Данные общей обработки __
a Данные общей обработки 20230823 ||| 0rusy0189 ca
101 Язык документа 0_
a Язык текста rus
102 Страна публикации __
a Страна публикации RU
200 Заглавие и сведения об ответственности 1_
a Заглавие Мастерица варить варенье
e Сведения, относящиеся к заглавию [рассказ]
f Первые сведения об ответственности Д. Родари
300 Общие примечания __
a Общие примечания 12+
461 Уровень набора _0
1 2000
a Лучик
463 Уровень физической единицы _0
1 2000
a № 6
v С. 26-27
1 2101
d 2023
1 001RU/CBS_UL/BASE/7cd4ef759d064727a539c172b706aaee
606 Тематические рубрики 0_
a Основная рубрика Итальянская детская литература, 20 в.
610 Ключевые слова 0_
a Ключевые слова литература
610 Ключевые слова 0_
a Ключевые слова иностранная литература
610 Ключевые слова 0_
a Ключевые слова зарубежная литература
610 Ключевые слова 0_
a Ключевые слова итальянская литература
610 Ключевые слова 0_
a Ключевые слова детская литература
610 Ключевые слова 0_
a Ключевые слова зарубежная детская литература
610 Ключевые слова 0_
a Ключевые слова итальянская детская литература
686 Индексы других классификаций __
2 Код системы rubbk
a Классификационный индекс 84(4Ита)
700 Автор _1
a Фамилия Родари
b Имя (инициалы) Д.
801 Источник записи _0
a Страна RU
b Организация МБУК ЦБС г. Ульяновска
c Дата составления 20230823
g Правила каталогизации RCR
801 Источник записи _1
a Страна RU
b Организация МБУК ЦБС г. Ульяновска
c Дата составления 20230823
g Правила каталогизации RCR
901 Тип документа __
t Тип документа b
w Контрольный № источника RU/CBS_UL/BASE/7cd4ef759d064727a539c172b706aaee